00193nam a2200085Ia 4500008004100000082001500041245002000056260002000076300001100096230907s9999||||xx |||||||||||||| ||und|| a620.5bNAN 0aNanoparticles : aSpringer,c2004 a284 p.